000 00456nam a2200193Ia 4500
005 20240823061907.0
008 240823s9999||||xx |||||||||||||| ||und||
041 _aENGLISH
082 _A658.8 N0
100 _aDogra.S
245 0 _aMarketing Management and Rural Marketing
250 _a1st
260 _b"Commonwealth,New "
500 _aLOST
650 _aManagement
_bManagement Studies
700 _a Balram
942 _cBK
999 _c234611
_d234611